| 000 | 00722nam a22002771c 4500 | ||
|---|---|---|---|
| 001 | ht016351743 | ||
| 008 | 111118s2010 gw |||| 000u eng d | ||
| 020 |
_a9780199584 _9978-0-19-9584 |
||
| 041 | _aeng | ||
| 245 | 0 | 0 | _aClassics and imperialism in the British Empire |
| 264 |
_aOxford [u.a.] : _bOxford Univ. Press, _c2010 |
||
| 300 | _aXXIII, 335 S. | ||
| 650 | 0 | _aImperialismus | |
| 650 | 0 | _aRassismus | |
| 650 | 0 | _aKolonialismus | |
| 650 | 0 | _aBritisches Empire | |
| 650 | 0 | _aKunst | |
| 650 | 0 | _aTheorie | |
| 650 | 0 | _aIdeologie | |
| 655 | 0 | _aAufsatzsammlung | |
| 700 | 1 |
_aBradley, Mark _eHerausgeberIn |
|
| 942 | _cMG | ||
| 040 | _cRU-10907106 | ||
| 003 | RU-10907106 | ||
| 999 |
_c23500 _d23500 |
||
| 490 | 0 | _aClassical presences | |